| 000 | 00570nam a22001697a 4500 | ||
|---|---|---|---|
| 003 | OSt | ||
| 005 | 20241212095858.0 | ||
| 008 | 241018b |||||||| |||| 00| 0 eng d | ||
| 040 | _c0 | ||
| 082 | _aDPer050 M72 January-March 2018 v. 66 no. 8-10 | ||
| 100 |
_aTabago, Josephine D. _eauthor. _963216 |
||
| 245 |
_aBrigada eskwela / _cJosephine D. Tabago. |
||
| 260 |
_aPhilippines; _bPublishers association of the Philippines, Inc, _cMarch 2018. |
||
| 300 |
_aVolume 66,pages 26,27, _billustration. |
||
| 700 |
_aTabago, Josephine D. _eauthor. _963216 |
||
| 942 |
_2ddc _cPER |
||
| 999 |
_c22711 _d22711 |
||